000 00476nam a2200181Ia 4500
008 120827t xxu||||| |||| 00| 0 sin d
041 _asin
080 _a8 S. 03 : 820 - 31
_bDEF
100 _aDefo,Daniyel
245 _aරොබින්සන් කෘෘසෝ
246 _aRobinson Kruuso
260 _aM. D. Gunasena
_aColombo
_c
300 _b387p, 18 cm
700 _aRanawaka,Adwin
_etr.
942 _cBK
999 _c39554
_d39554
003 LK-CoDNM
040 _aLK-CoDNM
_dLK-CoDNM
_eLK-CoDNM